Fundamentos De Marketing./ (Registro nro. 10327)

Detalles MARC
000 -LEADER
fixed length control field 02079nam a2200217Ia 4500
005 - FECHA Y HORA DE LA ÚLTIMA TRANSACCIÓN
control field 20250611114702.0
008 - FIXED-LENGTH DATA ELEMENTS--GENERAL INFORMATION
fixed length control field 240108s9999 xx 000 0 und d
020 ## - INTERNATIONAL STANDARD BOOK NUMBER
International Standard Book Number 978-607-32-3845-8
040 ## - CATALOGING SOURCE
Original cataloging agency UPAN
Transcribing agency Biblioteca San Vicente
Description conventions RCAA2
041 ## - LANGUAGE CODE
Language code of text/sound track or separate title spa
082 ## - DEWEY DECIMAL CLASSIFICATION NUMBER
Classification number 658.8
Item number K685
año de publicación 2017
100 ## - MAIN ENTRY--PERSONAL NAME
Personal name Kotler, Philip
Relator code aut.
245 #0 - TITLE STATEMENT
Title Fundamentos De Marketing./
Statement of responsibility, etc Phillip Kotler
250 ## - EDITION STATEMENT
Edition statement 13º ed.
260 ## - PUBLICATION, DISTRIBUTION, ETC. (IMPRINT)
Place of publication, distribution, etc México:
Name of publisher, distributor, etc Pearson,
Date of publication, distribution, etc 2017
300 ## - PHYSICAL DESCRIPTION
Extent 672 p.;
Dimensions 28 cm.
505 ## - FORMATTED CONTENTS NOTE
Formatted contents note Parte 1: Definición de marketing y el proceso de marketing. <br/>Capitulo 1. Marketing: Creación de valor y compromiso del cliente.<br/>Capitulo 2. Empresa y estrategia de marketing: Asociaciones para desarrollar compromiso del cliente, valor y relaciones.<br/>Parte 2: Comprensión de mercado y del valor del cliente. <br/>Capitulo 3. Análisis del entorno de marketing.<br/>Capitulo 4. Administración de la información.<br/>Capitulo 5. Comprensión del comportamiento de compra de los consumidores y de los negocios.<br/>Parte 3: Diseño de una estrategia y una mezcla de marketing orientadas a crear valor para el cliente. <br/>Capitulo 6. Estrategia de marketing orientada al cliente: Creación de valor para los clientes meta.<br/>Capitulo 7. Productos, servicios y marcas: Creación de valor para el cliente.<br/>Capitulo 8. Desarrollo de nuevos productos y administración del ciclo de vida de los productos.<br/>Capitulo 9. Fijación de precios: Comprensión y obtención del valor del cliente.<br/>Capitulo 10. Canales de marketing: Entrega de valor al cliente.<br/>Capitulo 11. Ventas al menudeo y al mayoreo.<br/>Capitulo 12. Involucrar a los consumidores y comunicar el valor para el cliente: Publicidad y relaciones públicas.<br/>Capitulo 13. Ventas personales y promoción de ventas.<br/>Capitulo 14. Marketing directo, en línea, móvil y de social media.<br/>Parte 4: Definición de marketing y el proceso de marketing.<br/>Capitulo 15. El mercado global.<br/>Capitulo 16. Marketing sustentable: Ética y responsabilidad social-
650 ## - SUBJECT ADDED ENTRY--TOPICAL TERM
Source of heading or term LEMB
Topical term or geographic name as entry element Marketing
700 ## - ADDED ENTRY--PERSONAL NAME
Personal name Armstrongm, Gary
Relator code aut.
942 ## - ADDED ENTRY ELEMENTS (KOHA)
Koha item type Libros
Source of classification or shelving scheme Dewey Decimal Classification
Existencias
Withdrawn status Lost status Source of classification or shelving scheme Damaged status Not for loan Collection code Home library Current library Date acquired Total Checkouts Full call number Barcode Date last seen Copy number Price effective from Koha item type
    Dewey Decimal Classification     Colección General Biblioteca UPAN San Vicente Biblioteca UPAN San Vicente 08/01/2024   658.8 K685 12004437 08/01/2024 01 08/01/2024 Libros
    Dewey Decimal Classification     Colección General Biblioteca UPAN San Vicente Biblioteca UPAN San Vicente 08/01/2024   658.8 K685 12004438 08/01/2024 02 08/01/2024 Libros
    Dewey Decimal Classification     Colección General Biblioteca UPAN San Vicente Biblioteca UPAN San Vicente 08/01/2024   658.8 K685 12004439 08/01/2024 03 08/01/2024 Libros